| 000 | 00938nam a2200277 i 4500 | ||
|---|---|---|---|
| 003 | CO-BoRNBP | ||
| 005 | 20240722150436.0 | ||
| 007 | ta | ||
| 008 | 240716b2017 de a|||| |||| 00| 0 spa d | ||
| 020 | _a9788424608538 | ||
| 040 |
_aCO-BoRNBP _bspa _cCO-BoRNBP _erda |
||
| 041 | 1 |
_aEspañol _hFrances |
|
| 084 | _aC COU | ||
| 100 |
_aCourtin, Thierry; Courtin Sophie _eautora _941651 |
||
| 245 |
_aChupi tiene una hermanita _cTexto e ilustraciones Thierry y Sophie Courtin; traducción AKA |
||
| 250 | _aPrimera edición | ||
| 264 |
_aBarcelona _bEditorial La Galera _c2000 |
||
| 300 |
_a24 páginas _bilustraciones a color _calto 17cm ancho 16cm |
||
| 336 |
_2rdacontenido _atexto _btxt |
||
| 337 |
_2rdamedio _asin mediación _bn |
||
| 338 |
_2rdasoporte _avolumen _bnc |
||
| 650 |
_2ARMARC _aCuento infantil _916411 |
||
| 650 |
_2ARMARC _anacimiento de un hermano _941652 |
||
| 650 |
_2ARMARC _arelaciones familiares |
||
| 942 |
_2ddc _cBKINF |
||
| 999 |
_c38194 _d38194 |
||